Every Roller Coaster Made by Morgan - Statistics

General Stats
  • This quiz has been taken 13 times
  • The average score is 5 of 8
Answer Stats
Picture Answer % Correct
Mamba
90%
Steel Dragon 2000
80%
Steel Eel
70%
Wild Thing
70%
Steel Force
60%
Superman el Ultimo Escape
50%
Quick Silver Express
40%
Santa Monica West Coaster
20%
No matching quizzes found
Score Distribution
Percent of People with Each Score
Percentile by Number Answered
Your Score History
You have not taken this quiz